000 00702nam a2200253Ia 4500
003 OSt
005 20220928113715.0
006 a|||||r|||| 00| 0
007 ta
008 220927b |||||||| |||| 00| 0 eng d
020 _a0312293984
024 _a65229
037 _cTextual
040 _aSDCL
_cSDCL
_beng
041 _2eng
_aeng
082 _aV58,94'N, P2
100 _aHigham Robin Ed.
_9434605
245 0 _aMilitary history of the Soviet Union
260 _aNew York
_b Palgrave USA
_c2002
300 _avii,328p
_ccm.
700 _a Kagan Frederick W
_9434606
942 _hV58,94'N, P2
_cTEXL
_2CC
999 _c750913
_d750913